GETS Theological Seminary Library

Anselm of Canterbury (Record no. 41712)

MARC details
000 -LEADER
fixed length control field 01242nam a2200193Ia 4500
008 - FIXED-LENGTH DATA ELEMENTS--GENERAL INFORMATION
fixed length control field 220922s9999 xx 000 0 und d
020 ## - INTERNATIONAL STANDARD BOOK NUMBER
International Standard Book Number 97808894697780889469776
041 ## - LANGUAGE CODE
Language code of text/sound track or separate title eng
050 ## - LIBRARY OF CONGRESS CALL NUMBER
Classification number B765.A82
Item number .E54 1974-1976
100 ## - MAIN ENTRY--PERSONAL NAME
Personal name Anselm Saint, Archbishop of Canterbury
245 #0 - TITLE STATEMENT
Title Anselm of Canterbury
Remainder of title /
Statement of responsibility, etc. Anselm, Saint Archbishop of Canterbury; edited by Jasper Hopkins
260 ## - PUBLICATION, DISTRIBUTION, ETC.
Place of publication, distribution, etc. Toronto :
Name of publisher, distributor, etc. Edward Mellen,
Date of publication, distribution, etc. 1974-1976
300 ## - PHYSICAL DESCRIPTION
Extent 4 v.
Other physical details ;
Dimensions 22 cm.
490 ## - SERIES STATEMENT
Volume/sequential designation 1
505 ## - FORMATTED CONTENTS NOTE
Formatted contents note v. 1. Monologion, Proslogion, Debate with Gaunilo, and a Meditation on human redemption -- v. 2. Philosophical fragments. De Grammatico. On truth. Freedom of choice. The fall of the devil. The harmony of the foreknowledge, the predestination, and the grace of God with free choice -- v. 3. Two letters concerning Roscelin. the incarnation fo the word. Cur Deus homo. The virgin conception and original sin. The procession of the Holy Spirit. Three leters on the sacraments -- v. 4. Hermeneutical and textual problems in the complete treatises of St. Anselm.
650 ## - SUBJECT ADDED ENTRY--TOPICAL TERM
Topical term or geographic name entry element Anselm, -- Saint, Archbishop of Canterbury, -- 1033-1109 -- Translations into English.Catholic Church.Philosophy, Medieval.
700 ## - ADDED ENTRY--PERSONAL NAME
Personal name Hopkins, Jasper
Holdings
Withdrawn status Lost status Damaged status Not for loan Home library Current library Shelving location Date acquired Cost, normal purchase price Total Checkouts Full call number Barcode Date last seen Price effective from Koha item type
        GETS Theological Seminary Library GETS Theological Seminary Library   09/21/2022 24.50   B765.A82 .E54 1974-1976 v.2 00027631 09/21/2022 09/21/2022 English Books
OpacCredits

Contact the Librarian, GETS Library
Email: library@mygets.org









Implemented by GETS Library
(Powered by ETCA Professional Group)
GETS Theological Seminary
412 E. Rowland Street, CA 91723